Spielberg Movie Images - Sudden Death - Statistics

General Stats
  • This quiz has been taken 54,789 times
  • The average score is 5 of 10
Answers on the Grid
Answers color-coded by a green-red scale on the quiz's grid according to % correct below.
 
Answer Stats
Answer % Correct
E.T. The Extra-Terrestrial
75%
Jaws
69%
Jurassic Park
66%
Raiders of the Lost Ark
64%
Saving Private Ryan
60%
Schindler's List
53%
The Adventures of Tintin
44%
Close Encounters of the Third Kind
42%
Lincoln
39%
Minority Report
36%
No matching quizzes found
Score Distribution
Percent of People with Each Score
Percentile by Number Answered
Your Score History
You have not taken this quiz